Meilleurs buteurs en activité - Statistiques

Statistiques générales
  • Ce quiz a été pris 1 136 fois
  • Le résultat moyen est 10 sur 20
Statistiques - réponses
Club Nombre de buts Joueur % Correct
Real Madrid 725 Cristiano Ronaldo
100%
FC Barcelone 699 Lionel Messi
99%
Paris-Saint-Germain 403 Edinson Cavani
83%
Real Madrid 337 Karim Benzema
83%
Santos FC 371 Neymar
83%
Bayern Munich 481 Robert Lewandowski
83%
FC Barcelone 470 Luis Suarez
80%
Paris-Saint-Germain 540 Zlatan Ibrahimović
80%
Manchester City 419 Sergio Agüero
75%
Manchester United 363 Wayne Rooney
49%
AS Rome 347 Edin Džeko
28%
Ajax Amsterdam 398 Klaas-Jan Huntelaar
24%
Real Madrid 339 Gonzalo Higuaín
23%
Borussia Dortmund 282 Pierre-Emerick Aubameyang
23%
Bayern Munich 314 Mario Gómez
19%
Olympique Lyonnais 277 Bafétimbi Gomis
11%
Werder Brême 340 Claudio Pizarro
7%
River Plate 373 Radamel Falcao
7%
Tottenham Hotspur 318 Jermain Defoe
5%
Botafogo 427 Sebastián Abreu
0%
Aucun quiz correspondant
Distribution des résultats
% des personnes avec chaque résultat
Percentile par nombre de réponses
Votre historique - résultats
Vous n’avez pas pris ce quiz